000 00511nam a2200181Ia 4500
008 240729s9999 xx 000 0 und d
022 _a2049-9957
245 0 _aInfectious Diseases of Poverty
260 _aUnited Kingdom
260 _bBMC
650 _a Infectious and parasitic diseases | Medicine
650 _a Internal medicine
650 _a Public aspects of medicine
650 _aMedicine
856 _uhttps://doaj.org/toc/926aef79b48948deb0712fe6a6c82f48
942 _2ddc
942 _cDOAJEJ
999 _c74386
_d74386
945 _a1
_bMadushi Gamage
_c1
_dMadushi Gamage